Loading...
| Science - Chemistry | 0 | 7 | 0 | 0 | 70 | 23 | 49.43 | 2 | 5 | 0.00 | 0.00 |
| Literature - European | 0 | 6 | 0 | 0 | 60 | 32 | 71.00 | 2 | 4 | 0.00 | 0.00 |
| Science - Biology | 0 | 7 | 2 | 1 | 60 | 4 | 42.86 | 4 | 5 | 0.00 | 0.00 |
| Painting/Sculpture | 0 | 6 | 0 | 0 | 60 | 41 | 65.00 | 1 | 5 | 0.00 | 0.00 |
| History - Other | 0 | 5 | 1 | 1 | 45 | 37 | 66.40 | 1 | 3 | 0.00 | 0.00 |
| Literature - British | 0 | 4 | 0 | 1 | 40 | 74 | 97.75 | 0 | 1 | 0.00 | 0.00 |
| Fine Arts - Classical Music | 0 | 4 | 0 | 0 | 40 | 72 | 88.75 | 0 | 2 | 0.00 | 0.00 |
| Fine Arts - Other | 0 | 4 | 0 | 2 | 40 | 63 | 94.25 | 0 | 1 | 0.00 | 0.00 |
| Science - Physics | 0 | 4 | 2 | 1 | 30 | 48 | 74.75 | 0 | 1 | 0.00 | 0.00 |
| Mythology | 0 | 3 | 0 | 0 | 30 | 30 | 50.67 | 0 | 3 | 0.00 | 0.00 |
| Religion | 0 | 3 | 0 | 0 | 30 | 58 | 85.67 | 0 | 2 | 0.00 | 0.00 |
| History - World | 0 | 3 | 1 | 0 | 25 | 14 | 35.00 | 1 | 2 | 0.00 | 0.00 |
| History - European | 0 | 2 | 0 | 0 | 20 | 38 | 57.50 | 1 | 2 | 0.00 | 0.00 |
| History - American | 0 | 2 | 0 | 0 | 20 | 62 | 62.00 | 0 | 1 | 0.00 | 0.00 |
| Philosophy | 0 | 1 | 0 | 0 | 10 | 97 | 97.00 | 0 | 0 | 0.00 | 0.00 |
| Pop Culture | 0 | 1 | 0 | 1 | 10 | 110 | 110.00 | 0 | 0 | 0.00 | 0.00 |
| Literature - World | 0 | 1 | 1 | 0 | 5 | 89 | 89.00 | 0 | 0 | 0.00 | 0.00 |
| Science - Other | 0 | 1 | 2 | 0 | 0 | 27 | 27.00 | 1 | 1 | 0.00 | 0.00 |
| Geography | 0 | 0 | 1 | 0 | -5 | 0.00 | 0 | 0 | 0.00 | 0.00 |